| 000 | 01045nam a2200361 b 4500 | ||
|---|---|---|---|
| 001 | 022191 | ||
| 003 | DO-SdBNP | ||
| 005 | 20230926101839.0 | ||
| 007 | 022191 | ||
| 008 | 070619s2011 sp||| ||spa | ||
| 015 | _a | ||
| 016 | 7 |
_a _2BPMSU |
|
| 017 |
_a _b |
||
| 020 | _a9788466318150 | ||
| 035 | _a | ||
| 040 |
_aBPMSU _bspa _cBPMSU _e |
||
| 041 | 1 |
_aspa _h |
|
| 080 | 0 | _a | |
| 082 | 4 |
_a813.4 _bB922p 2011 _222 |
|
| 100 | 1 |
_aBuck, Pearl S. _d1892-1973 |
|
| 245 | 1 | 0 |
_aPabellón de mujeres / _h _cPearl S. Buck ; traducción, Isabel Murillo Fort |
| 260 |
_aMadrid : _bPunto de Lectura, _c2011 |
||
| 300 |
_a527 p. : _c22 cm |
||
| 490 | 0 |
_aPunto de lectura _v187/1 |
|
| 500 | _a"Grandes novelas de todos los tiempos"--Cub. | ||
| 534 |
_aTítulo original : _tPavilion of women |
||
| 590 | _aInventariado, 2023/VM | ||
| 650 | 4 | _aNovela estadounidense | |
| 651 | 4 |
_aChina _xVida social y costrumbres _v |
|
| 700 | 1 |
_aMurillo Fort, Isabel _etr. |
|
| 910 | _aVMateo V. Control de calidad. BPMSU | ||
| 942 |
_2ddc _cBK |
||
| 999 |
_c10561 _d10561 |
||